000 01305nam a2200517Ia 4500
001 6980
003 14119
005 20251126062931.0
008 ||||||n9999 ||| || ||
041 _aspa
082 _219
_a350
245 0 _aFundamentos de la administracion publica
_bintroduccion elementos condicionantes de la Administracion Publica
260 _aVenezuela :
_bEl Instituto,
_c1980.
300 _av1 380p
490 _aColeccion Estudios administrativos
_v1
562 _e2
650 0 _aBOGOTÁ (COLOMBIA)--ADMINISTRACIÓN PÚBLICA
_91503
650 0 _aCondiciones políticas
_99262
650 0 _aDesarrollo económico y social
_96057
650 _aPERSONAS JURÍDICAS
_911423
650 0 _aPlanificación del desarrollo
_98053
650 _aSISTEMA JUDICIAL
_910051
650 0 _aSistemas económicos
_95453
942 _cBKM
942 _cBKM
999 _c6980
_d6980
526 _a17598
526 _a102617
526 _a102618
526 _a15794
526 _a102619
526 _a102620
526 _a10406
526 _a105630
526 _a1698
526 _a116204
526 _a4969
526 _a19790
526 _a104436
526 _a5144
526 _a51868
526 _a3899
526 _a9683
526 _a
526 _a1703
526 _a1697